Office space planning : Designing for tomorrow's workplace

Bibliographic Details
Main Author: Marmot, Alexi
Other Authors: Eley, Joanna
Format: Book
Published: New York : McGraw-Hill , 2000
Subjects:

MARC

LEADER 00000cam a2200000 7i4500
001 0000009685
005 20050419.0
020 |a 0071341994 
040 |a INS 
090 0 0 |a HF5547.2.   |b M37 2000 
100 1 |a Marmot, Alexi 
245 1 0 |a Office space planning :   |b Designing for tomorrow's workplace   |c Alexi Marmot, Joanna Eley 
260 |a New York :   |b McGraw-Hill ,   |c 2000 
300 |a 478p. ;   |c 24cm. 
650 0 0 |a Office layout 
700 1 |a Eley, Joanna 
999 |a 0000008241   |b BOOK   |c Open Shelf   |e Default branch